000 00981nam a2200253Ia 4500
003 OSt
005 20220923225338.0
006 a|||||r|||| 00| 0
007 ta
008 220922b |||||||| |||| 00| 0 hin d
024 _a263,702
037 _cTextual
040 _aARTS
_cARTS
_bhin
041 _2hin
_ahin
082 _aV2:5:D4, 152K3
100 _aवर्मा, गायत्री
_9156279
245 0 _aकालिदास के ग्रन्थों पर आधारित तत्कालीन भारतीय संस्कृति
246 _aKālidās ke granthoan par ādhārit tatkālīn bhāratīya sanskṛuti
260 _aवाराणसी
_b हिन्दी प्रचारक पुस्तकालय
_c1963
300 _a496पृ.
_ccm.
650 _aविश्व-इतिहास
942 _hV2:5:D4, 152K3
_cTEXL
_2CC
999 _c377653
_d377653